000 00474nam a2200169Ia 4500
003 LK-CoDNM
008 010623t2011 xxu||||| |||| 00| 1 sin d
040 _aLK-CoDNM
_dLK-CoDNM
_eLK-CoDNM
041 _asin
080 _a32
_bMAD
100 _aMaduranga,R. Roshen
245 _aමා දුටු සැබෑ දේශපාලන නායකයො
246 _aMa dutu Saba Deshapalana Nayakayo
260 _bS.n.
_aS.I.
_c2011
300 _b82, 21 cm
942 _cBK
999 _c131477
_d131477